Radio in the digital age (Record no. 2155)

000 -LEADER
fixed length control field 00487nam a22001817a 4500
003 - CONTROL NUMBER IDENTIFIER
control field OSt
005 - DATE AND TIME OF LATEST TRANSACTION
control field 20160621162609.0
008 - FIXED-LENGTH DATA ELEMENTS--GENERAL INFORMATION
fixed length control field 160621b xxu||||| |||| 00| 0 eng d
020 ## - INTERNATIONAL STANDARD BOOK NUMBER
International Standard Book Number 9780745661971
050 ## - LIBRARY OF CONGRESS CALL NUMBER
Classification number P90.D83 2013
100 ## - MAIN ENTRY--PERSONAL NAME
Personal name Dubber, Andrew
245 ## - TITLE STATEMENT
Title Radio in the digital age
Statement of responsibility, etc Andrew Dubber
260 ## - PUBLICATION, DISTRIBUTION, ETC. (IMPRINT)
Place of publication, distribution, etc Cambridge
Name of publisher, distributor, etc Polity Press
Date of publication, distribution, etc 2013
300 ## - PHYSICAL DESCRIPTION
Extent ix, 198 p
Dimensions 21cm
504 ## - BIBLIOGRAPHY, ETC. NOTE
Bibliography, etc Includes references and index
650 ## - SUBJECT ADDED ENTRY--TOPICAL TERM
Topical term or geographic name as entry element Radio- Mass communication
942 ## - ADDED ENTRY ELEMENTS (KOHA)
Source of classification or shelving scheme
Koha item type Book
Holdings
Withdrawn status Lost status Source of classification or shelving scheme Damaged status Not for loan Home library Current library Shelving location Date acquired Total Checkouts Total Renewals Full call number Barcode Date last seen Date checked out Copy number Price effective from Koha item type
          Riara University Library Riara University Library General stack 21/06/2016 3 1 P90.D83 2013 7144/16 13/07/2021 22/06/2021 C.1 21/06/2016 Book

Riara University Library,
P.O. Box 49940-00100,
Nairobi, Kenya.